Small remedies / (Record no. 26114)

MARC details
000 -LEADER
fixed length control field 00718nam a22002057a 4500
005 - DATE AND TIME OF LATEST TRANSACTION
control field 20190305132503.0
010 ## - LCCN (DPL NO)
LC control number B-285011 , B-214765
020 ## - INTERNATIONAL STANDARD BOOK NUMBER
International Standard Book Number 0140294872
Terms of availability 295.00
020 ## - INTERNATIONAL STANDARD BOOK NUMBER
International Standard Book Number 9780140294873
Terms of availability 295.00
035 ## - SYSTEM CONTROL NUMBER
System control number B-285011 B-214765, B-214762
037 ## - SOURCE OF ACQUISITION
Source of stock number/acquisition UBH (Vender)
082 ## - DEWEY DECIMAL CLASSIFICATION NUMBER
Classification number N
100 ## - MAIN ENTRY--PERSONAL NAME
Personal name Deshpande, Shashi
245 ## - TITLE STATEMENT
Title Small remedies /
Statement of responsibility, etc by Shashi Deshpande
260 ## - PUBLICATION, DISTRIBUTION, ETC. (IMPRINT)
Place of publication, distribution, etc New Delhi
Name of publisher, distributor, etc Penguin Books
Date of publication, distribution, etc 2000
270 ## - ADDRESS
Address 11 Community Centre, Panchsheel Park
City New Delhi
Postal code 110017
300 ## - PHYSICAL DESCRIPTION
Extent 324p.
Dimensions 20cm. (pbk)
942 ## - ADDED ENTRY ELEMENTS (KOHA)
Source of classification or shelving scheme Dewey Decimal Classification
Item type English Books
Classification part N
Call number suffix DES
Holdings
Withdrawn status Lost status Not for loan Collection code Home library Current library Date acquired Source of acquisition Cost, normal purchase price Full call number Barcode Copy number Cost, replacement price Koha item type
      Fiction R.C.Libraries (zls) R.C.Libraries (zls) 08/11/2018   295.00 N DES B-214765 1 295.00 English Books
      Fiction Sarojini Nagar Sarojini Nagar 12/12/2018     N DES B-214766     English Books
      Fiction Vigyan Vihar Vigyan Vihar 05/03/2019 BPPD/PUB 295.00 N DES B-214762   295.00 English Books
      Fiction Vinoba Puri Vinoba Puri 05/05/2009 UBH/143/25.8.08/187/21.7.08/29.8.08 295.00 N DES B-285011 1 295.00 English Books
      Fiction Yojana Vihar Yojana Vihar 11/10/2019 BPPD/PUB 295.00 N DES B-21476   295.00 English Books

© Delhi Public Library
Hit Counter
free hit counter